Normal view MARC view

Entry Personal Name

Number of records used in: 1

001 - CONTROL NUMBER

  • control field: 1470

003 - CONTROL NUMBER IDENTIFIER

  • control field: TR-AnCHP

005 - DATE AND TIME OF LATEST TRANSACTION

  • control field: 20190110165447.0

008 - FIXED-LENGTH DATA ELEMENTS

  • fixed length control field: 1901101016n|cannaabn |n|d ||

040 ## - CATALOGING SOURCE

  • Original cataloging agency: TR-AnCHP

100 10 - HEADING--PERSONAL NAME

  • Personal name: Hacıhasanoğlu, Ayşe

670 ## - SOURCE DATA FOUND

  • Source citation: Hacıhasanoğlu, Ayşe.
  • Information found: İlk gençlikL.N. Tolstoy ; Rusça aslından çeviren Ayşe Hacıhasanoğlu